[Event "WchT Seniors 65"]
[Site "Radebeul"]
[Date "2016.07.03"]
[Round "8.3"]
[White "Farrand, Julian"]
[Black "Gruzmann, Boris"]
[Result "1-0"]
[WhiteElo "2048"]
[BlackElo "2202"]
[PlyCount "75"]
[EventDate "2016.06.26"]
[EventType "team-swiss"]
[EventRounds "9"]
[EventCountry "GER"]
[SourceTitle "CBM 173 Extra"]
[Source "ChessBase"]
[SourceDate "2016.08.29"]
[SourceVersion "1"]
[SourceVersionDate "2016.08.29"]
[SourceQuality "1"]
[WhiteTeam "England"]
[BlackTeam "Germany II"]
[WhiteTeamCountry "ENG"]
[BlackTeamCountry "GER"]

1. d4 Nf6 2. Nc3 d5 3. Bg5 e6 4. e4 Be7 5. e5 Nfd7 6. Bxe7 Qxe7 7. f4 a6 8. Qg4 f5 9. exf6 Nxf6 10. Qh4 c5 11. Nf3 Nc6 12. 0-0-0 cxd4 13. Nxd4 Bd7 14. Be2 0-0-0 15. Bf3 Kb8 16. Rhe1 Nxd4 17. Rxd4 Qc5 18. Rd2 Ka7 19. Qg5 Rhg8 20. Qe5 Rc8 21. g4 h6 22. g5 Ne8 23. Bxd5 hxg5 24. fxg5 exd5 25. Rxd5 Qc7 26. Qd4+ Kb8 27. Rxd7 Qxh2 28. Rxb7+ Kxb7 29. Qd5+ Kb8 30. Qxg8 Qf4+ 31. Kb1 Qxg5 32. Qb3+ Ka7 33. Nd5 Qh6 34. a3 Nc7 35. Re7 Qc6 36. Rxg7 Qc5 37. a4 a5 38. Qg3 1-0

[Event "WchT Seniors 65"]
[Site "Radebeul"]
[Date "2016.06.29"]
[Round "4.4"]
[White "Ekelund, Kurt E"]
[Black "Farrand, Julian"]
[Result "1/2-1/2"]
[WhiteElo "1952"]
[BlackElo "2048"]
[PlyCount "39"]
[EventDate "2016.06.26"]
[EventType "team-swiss"]
[EventRounds "9"]
[EventCountry "GER"]
[SourceTitle "CBM 173 Extra"]
[Source "ChessBase"]
[SourceDate "2016.08.29"]
[SourceVersion "1"]
[SourceVersionDate "2016.08.29"]
[SourceQuality "1"]
[WhiteTeam "Sweden II"]
[BlackTeam "England"]
[WhiteTeamCountry "SWE"]
[BlackTeamCountry "ENG"]

1. e4 d6 2. d4 Nf6 3. Nc3 c6 4. f4 Qa5 5. e5 Ne4 6. Qf3 d5 7. Bd3 Na6 8. Nge2 Nb4 9. 0-0 Nxd3 10. cxd3 Nxc3 11. bxc3 e6 12. Bd2 g6 13. Be1 Qd8 14. Qh3 Be7 15. Kh1 h5 16. Ng1 b6 17. a4 Ba6 18. Qf3 c5 19. dxc5 Bxc5 20. Nh3 1/2-1/2

[Event "EU-chT Seniors"]
[Site "Vienna"]
[Date "2015.07.20"]
[Round "9.16"]
[White "Farrand, Julian"]
[Black "Nickl, Klaus"]
[Result "0-1"]
[WhiteElo "1994"]
[BlackElo "2046"]
[PlyCount "144"]
[EventDate "2015.07.12"]
[EventType "team-swiss"]
[EventRounds "9"]
[EventCountry "AUT"]
[SourceTitle "EXT 2018"]
[Source "ChessBase"]
[SourceDate "2017.10.13"]
[SourceVersion "1"]
[SourceVersionDate "2017.10.13"]
[SourceQuality "1"]
[WhiteTeam "England III"]
[BlackTeam "Steiermark"]
[WhiteTeamCountry "ENG"]
[BlackTeamCountry "AUT"]

1. d4 Nf6 2. Nc3 d5 3. Bg5 Bf5 4. f3 Nbd7 5. Qd2 c6 6. 0-0-0 h6 7. g4 Bh7 8. Bf4 a5 9. h4 e6 10. g5 Nh5 11. gxh6 Nxf4 12. hxg7 Nxe2+ 13. Ngxe2 Bxg7 14. Rg1 Bf8 15. h5 a4 16. Ng3 b5 17. Bd3 b4 18. Nce2 b3 19. cxb3 axb3 20. a3 Nb6 21. Bxh7 Rxh7 22. Qd3 Rh8 23. Qxb3 Nc4 24. Qb7 Be7 25. Qxc6+ Kf8 26. Nc3 Nxa3 27. bxa3 Rc8 28. Qb7 Rxc3+ 29. Kd2 Rxa3 30. Rb1 Bd6 31. Ke2 Ra2+ 32. Rb2 Rxb2+ 33. Qxb2 Qb8 34. Qxb8+ Bxb8 35. Kf2 Bxg3+ 36. Rxg3 Rxh5 37. Ke3 Ke7 38. Rg1 Kf6 39. Rb1 Kf5 40. Rb7 f6 41. Rd7 Rh2 42. Rc7 Ra2 43. Rc3 Ra4 44. Rd3 Ra1 45. Rb3 Rd1 46. Rb5 Ra1 47. Rb3 Ra4 48. Rd3 Ra5 49. Rb3 e5 50. Rc3 Ra4 51. Rd3 exd4+ 52. Rxd4 Ra3+ 53. Kf2 Ke5 54. Rd2 d4 55. Ke2 f5 56. Kf2 d3 57. Rb2 Kd4 58. Rb5 Ra2+ 59. Ke1 f4 60. Rb8 Ke3 61. Re8+ Kxf3 62. Rd8 d2+ 63. Kd1 Kf2 64. Re8 f3 65. Rd8 Kf1 66. Re8 f2 67. Rg8 Ra7 68. Kxd2 Rd7+ 69. Kc2 Rd5 70. Kc3 Ke2 71. Re8+ Kf3 72. Rf8+ Ke3 0-1

[Event "Benidorm op U2300 13th"]
[Site "Benidorm"]
[Date "2014.12.05"]
[Round "8"]
[White "Ayza Leon, David"]
[Black "Farrand, Julian"]
[Result "1-0"]
[WhiteElo "2199"]
[BlackElo "1996"]
[PlyCount "58"]
[EventDate "2014.11.28"]
[EventType "swiss"]
[EventRounds "10"]
[EventCountry "ESP"]
[SourceTitle "CBM 163 Extra"]
[Source "ChessBase"]
[SourceDate "2014.12.23"]
[SourceVersion "1"]
[SourceVersionDate "2014.12.23"]
[SourceQuality "1"]

1. e4 d6 2. d4 Nf6 3. Nc3 c6 4. f4 Qa5 5. Bd3 e5 6. Nf3 Nbd7 7. 0-0 Be7 8. Kh1 0-0 9. Qe1 Qc7 10. a4 b6 11. Ne2 d5 12. Nxe5 dxe4 13. Bc4 c5 14. Qc3 Bd6 15. Qb3 cxd4 16. Nxf7 Nc5 17. Nxd6+ Kh8 18. Nb5 Nxb3 19. Nxc7 Nxa1 20. Nxd4 Bb7 21. Nxa8 Bxa8 22. Bd2 Ng4 23. Rxa1 e3 24. Bc3 Rxf4 25. Be2 Nf2+ 26. Kg1 Rf6 27. Bf3 Nh3+ 28. gxh3 Bxf3 29. Nxf3 Rxf3 1-0

[Event "WchT Seniors 65"]
[Site "Vilnius"]
[Date "2014.07.20"]
[Round "8.2"]
[White "Singer, Hans"]
[Black "Farrand, Julian"]
[Result "1-0"]
[WhiteElo "2174"]
[BlackElo "2026"]
[PlyCount "53"]
[EventDate "2014.07.13"]
[EventType "team-swiss"]
[EventRounds "9"]
[EventCountry "LTU"]
[SourceTitle "CBM 161 Extra"]
[Source "ChessBase"]
[SourceDate "2014.08.29"]
[SourceVersion "1"]
[SourceVersionDate "2014.08.29"]
[SourceQuality "1"]
[WhiteTeam "Austria"]
[BlackTeam "England"]
[WhiteTeamCountry "AUT"]
[BlackTeamCountry "ENG"]

1. d4 d6 2. c4 f5 3. Nf3 Nf6 4. g3 g6 5. Bg2 Bg7 6. 0-0 0-0 7. Nc3 Nc6 8. d5 Ne5 9. Nxe5 dxe5 10. e4 f4 11. gxf4 exf4 12. e5 Ng4 13. e6 Ne5 14. Qb3 f3 15. Bh3 g5 16. Re1 Qe8 17. Ne4 Qh5 18. Bf1 h6 19. Ng3 Qg6 20. Bd2 g4 21. Qe3 h5 22. Bc3 h4 23. Bxe5 hxg3 24. Bxg3 Bxb2 25. Rab1 Qg7 26. Rxb2 Qxb2 27. Be5 1-0

[Event "BCF-chT2d 1314 (4NCL)"]
[Site "England"]
[Date "2014.03.23"]
[Round "8.87"]
[White "Farrand, Julian"]
[Black "Ganesan, Arasu"]
[Result "1/2-1/2"]
[WhiteElo "2027"]
[BlackElo "2075"]
[PlyCount "120"]
[EventDate "2013.11.16"]
[EventType "team-tourn"]
[EventRounds "11"]
[EventCountry "ENG"]
[SourceTitle "EXT 2015"]
[Source "ChessBase"]
[SourceDate "2014.11.20"]
[SourceVersion "1"]
[SourceVersionDate "2014.11.20"]
[SourceQuality "1"]
[WhiteTeam "Barbican Youth"]
[BlackTeam "KJCA Kings"]
[WhiteTeamCountry "ENG"]
[BlackTeamCountry "ENG"]

1. d4 c6 2. e4 d5 3. Nc3 g6 4. h3 Bg7 5. Nf3 Nf6 6. e5 Ne4 7. Nxe4 dxe4 8. Ng5 f6 9. exf6 exf6 10. Nxe4 Qe7 11. Qe2 0-0 12. Nc5 Qd6 13. Be3 b6 14. Qc4+ Kh8 15. Nd3 a5 16. Be2 Be6 17. Qc3 Nd7 18. 0-0 Rac8 19. Qd2 f5 20. c3 Nf6 21. Bh6 Ne4 22. Bxg7+ Kxg7 23. Qf4 Rfd8 24. Qxd6 Rxd6 25. Ne5 c5 26. Nf3 g5 27. dxc5 bxc5 28. c4 Kf6 29. Rfd1 Rxd1+ 30. Rxd1 Rb8 31. b3 Nc3 32. Rd2 a4 33. Rb2 axb3 34. axb3 g4 35. hxg4 fxg4 36. Ne1 Nxe2+ 37. Rxe2 Rxb3 38. Rc2 Bf5 39. Rc1 Ke5 40. Kf1 Kd4 41. Nc2+ Bxc2 42. Rxc2 Kd3 43. Rc1 Rb2 44. Rd1+ Kxc4 45. Rd7 Rb1+ 46. Ke2 Rh1 47. Kd2 h5 48. g3 Ra1 49. Rh7 Ra2+ 50. Ke3 Ra3+ 51. Ke2 Kb3 52. Rxh5 c4 53. Rb5+ Kc2 54. Rg5 c3 55. Rxg4 Kb2 56. Rb4+ Kc1 57. f4 c2 58. g4 Rh3 59. g5 Rg3 60. Rb6 Rxg5 1/2-1/2

[Event "Acqui Terme op 2nd"]
[Site "Acqui Terme"]
[Date "2013.07.07"]
[Round "1"]
[White "Drasko, Milan"]
[Black "Farrand, Julian"]
[Result "1-0"]
[WhiteElo "2458"]
[BlackElo "2076"]
[PlyCount "43"]
[EventDate "2013.07.07"]
[EventType "swiss"]
[EventRounds "9"]
[EventCountry "ITA"]
[SourceTitle "EXT 2014"]
[Source "ChessBase"]
[SourceDate "2013.11.20"]
[SourceVersion "1"]
[SourceVersionDate "2013.11.20"]
[SourceQuality "1"]

1. Nf3 d6 2. d4 f5 3. g3 Nf6 4. Bg2 g6 5. b3 Bg7 6. Bb2 0-0 7. Nbd2 Nbd7 8. 0-0 Qe8 9. Re1 e5 10. dxe5 dxe5 11. e4 f4 12. Nc4 fxg3 13. fxg3 Ng4 14. h3 Nh6 15. Qd5+ Kh8 16. Nfxe5 Nb6 17. Qc5 c6 18. Rf1 Rxf1+ 19. Rxf1 Be6 20. Nd6 Qg8 21. Qe3 Nd7 22. Nxg6+ 1-0

[Event "Amsterdam Science Park op-A 2nd"]
[Site "Amsterdam"]
[Date "2012.07.20"]
[Round "7"]
[White "Farrand, Julian"]
[Black "Schoehuys, Erik"]
[Result "1/2-1/2"]
[WhiteElo "2116"]
[BlackElo "2120"]
[PlyCount "41"]
[EventDate "2012.07.14"]
[EventType "swiss"]
[EventRounds "9"]
[EventCountry "NED"]
[SourceTitle "CBM 149 Extra"]
[Source "ChessBase"]
[SourceDate "2012.08.24"]
[SourceVersion "1"]
[SourceVersionDate "2012.08.24"]
[SourceQuality "1"]

1. d4 Nf6 2. Nc3 d6 3. e4 Nbd7 4. f4 e5 5. Nf3 exd4 6. Qxd4 Nc5 7. Bc4 Be7 8. 0-0 0-0 9. h3 c6 10. Be3 b5 11. Be2 Ne6 12. Qd3 b4 13. Na4 d5 14. exd5 Nxd5 15. Ne5 Qc7 16. Qe4 Bf6 17. Ng4 Qa5 18. Bd3 g6 19. Nxf6+ Nxf6 20. Qe5 Qxe5 21. fxe5 1/2-1/2

[Event "Amsterdam Science Park op-A 2nd"]
[Site "Amsterdam"]
[Date "2012.07.15"]
[Round "2"]
[White "Van der Lende, Ilias"]
[Black "Farrand, Julian"]
[Result "1-0"]
[WhiteElo "2175"]
[BlackElo "2116"]
[PlyCount "55"]
[EventDate "2012.07.14"]
[EventType "swiss"]
[EventRounds "9"]
[EventCountry "NED"]
[SourceTitle "CBM 149 Extra"]
[Source "ChessBase"]
[SourceDate "2012.08.24"]
[SourceVersion "1"]
[SourceVersionDate "2012.08.24"]
[SourceQuality "1"]

1. e4 d6 2. d4 Nf6 3. Nc3 c6 4. f4 Qa5 5. Qf3 e5 6. dxe5 dxe5 7. fxe5 Ng4 8. Bd2 Nxe5 9. Qg3 Nbd7 10. Nf3 Nxf3+ 11. gxf3 Qh5 12. 0-0-0 Qg6 13. f4 Qxg3 14. hxg3 Nc5 15. Bg2 Bg4 16. Rde1 0-0-0 17. e5 Be7 18. Be3 a5 19. Ne4 Nxe4 20. Bxe4 Kc7 21. f5 h5 22. Bf4 Kb6 23. Re3 a4 24. Rc3 h4 25. gxh4 Rxh4 26. Be3+ Kc7 27. Rg1 Rh3 28. Rxg4 1-0

[Event "BCF-chT2a 1112 (4NCL)"]
[Site "England"]
[Date "2012.01.14"]
[Round "3.4"]
[White "Hackner, Oskar A"]
[Black "Farrand, Julian"]
[Result "1/2-1/2"]
[WhiteElo "2014"]
[BlackElo "2124"]
[PlyCount "100"]
[EventDate "2011.11.12"]
[EventType "team-tourn"]
[EventRounds "7"]
[EventCountry "ENG"]
[SourceTitle "EXT 2013"]
[Source "ChessBase"]
[SourceDate "2012.11.22"]
[SourceVersion "1"]
[SourceVersionDate "2012.11.22"]
[SourceQuality "1"]
[WhiteTeam "Bradford DCA Knights"]
[BlackTeam "Barbican Youth"]
[WhiteTeamCountry "ENG"]
[BlackTeamCountry "ENG"]

1. d4 d6 2. e4 Nf6 3. f3 e5 4. d5 c6 5. c4 Be7 6. Be3 a5 7. Nc3 Na6 8. Bd3 h5 9. h4 Bd7 10. Na4 cxd5 11. cxd5 b5 12. Nb6 Rb8 13. Nxd7 Nxd7 14. Bf2 Nac5 15. Bc2 b4 16. Ne2 Rc8 17. Ba4 Nxa4 18. Qxa4 0-0 19. Qd1 Nc5 20. Rc1 Qb6 21. g4 hxg4 22. fxg4 Qb5 23. Bxc5 Rxc5 24. Rxc5 Qxc5 25. Qc1 Qxc1+ 26. Nxc1 Rc8 27. Kd2 Bd8 28. Kd3 Bb6 29. Nb3 a4 30. Nd2 a3 31. Nc4 axb2 32. Rb1 Bd4 33. Nxb2 Rc3+ 34. Ke2 Ra3 35. Nc4 Rxa2+ 36. Kd3 Bc5 37. Nd2 Ra3+ 38. Rb3 Ra2 39. Rb1 Kh7 40. Rb3 Kh6 41. Rb1 Ra3+ 42. Nb3 Bf2 43. Kc4 Bxh4 44. Rf1 Ra7 45. Kxb4 Kg5 46. Nd2 Kxg4 47. Nc4 Bd8 48. Kb5 Rb7+ 49. Kc6 Rc7+ 50. Kb5 Rb7+ 1/2-1/2

[Event "Leiden LCT op-A 5th"]
[Site "Leiden"]
[Date "2011.07.11"]
[Round "4"]
[White "Meng, Roger"]
[Black "Farrand, Julian"]
[Result "0-1"]
[WhiteElo "2282"]
[BlackElo "2124"]
[PlyCount "56"]
[EventDate "2011.07.08"]
[EventType "swiss"]
[EventRounds "9"]
[EventCountry "NED"]
[SourceTitle "CBM 143 Extra"]
[Source "ChessBase"]
[SourceDate "2011.08.29"]
[SourceVersion "1"]
[SourceVersionDate "2011.08.29"]
[SourceQuality "1"]

1. d4 d6 2. Nf3 f5 3. c4 Nf6 4. g3 g6 5. Bg2 Bg7 6. 0-0 0-0 7. Nc3 Nc6 8. d5 Ne5 9. Nxe5 dxe5 10. e4 f4 11. b4 g5 12. Qd3 a6 13. a4 Qe8 14. f3 h5 15. a5 Qg6 16. b5 g4 17. gxf4 exf4 18. fxg4 Nxg4 19. Bxf4 axb5 20. Bxc7 Rxf1+ 21. Rxf1 bxc4 22. Qd2 Bd7 23. Ne2 Rc8 24. Bb6 c3 25. Qa2 Qd6 26. Nf4 c2 27. e5 Bxe5 28. Nd3 Bd4+ 0-1

[Event "EU-chT Seniors"]
[Site "Thessaloniki"]
[Date "2011.05.06"]
[Round "4"]
[White "Jamieson, Peter Michael"]
[Black "Farrand, Julian"]
[Result "0-1"]
[WhiteElo "2277"]
[BlackElo "2086"]
[PlyCount "58"]
[EventDate "2011.05.03"]
[EventType "team-swiss"]
[EventRounds "9"]
[EventCountry "GRE"]
[SourceTitle "CBM 142 Extra"]
[Source "ChessBase"]
[SourceDate "2011.06.27"]
[SourceVersion "1"]
[SourceVersionDate "2011.06.27"]
[SourceQuality "1"]
[WhiteTeam "Scotland"]
[BlackTeam "England III"]
[WhiteTeamCountry "SCO"]
[BlackTeamCountry "ENG"]

1. d4 d6 2. e4 Nf6 3. Nc3 Nbd7 4. Nf3 e5 5. Bc4 h6 6. h3 c6 7. a4 Qc7 8. 0-0 Be7 9. Re1 g5 10. dxe5 dxe5 11. Nh2 Nf8 12. Be3 Be6 13. Qe2 Bb4 14. f3 Qa5 15. Bxe6 Nxe6 16. Qc4 Nd4 17. Rec1 Nd7 18. Bxd4 exd4 19. Ne2 Bd2 20. Rd1 Be3+ 21. Kh1 Ne5 22. Qb3 0-0-0 23. Ng3 Qc7 24. Nf5 Bf4 25. Nf1 h5 26. Nxd4 Rxd4 27. Rxd4 g4 28. fxg4 hxg4 29. Ra3 Qe7 0-1

[Event "EU-chT Seniors"]
[Site "Thessaloniki"]
[Date "2011.05.05"]
[Round "3"]
[White "Farrand, Julian"]
[Black "Kugelmann, Werner"]
[Result "1-0"]
[WhiteElo "2086"]
[BlackElo "2226"]
[PlyCount "70"]
[EventDate "2011.05.03"]
[EventType "team-swiss"]
[EventRounds "9"]
[EventCountry "GRE"]
[SourceTitle "CBM 142 Extra"]
[Source "ChessBase"]
[SourceDate "2011.06.27"]
[SourceVersion "1"]
[SourceVersionDate "2011.06.27"]
[SourceQuality "1"]
[WhiteTeam "England III"]
[BlackTeam "Stiftung BSW/DBAG"]
[WhiteTeamCountry "ENG"]
[BlackTeamCountry "GER"]

1. d4 Nf6 2. Nc3 d5 3. Bg5 Bf5 4. Bxf6 exf6 5. e4 dxe4 6. Qe2 c6 7. g4 Be6 8. 0-0-0 Be7 9. Qxe4 Bd5 10. Nxd5 cxd5 11. Qf3 Nc6 12. Bg2 Qc7 13. Ne2 0-0 14. Nc3 Bd6 15. Nxd5 Qa5 16. Kb1 Rfd8 17. h4 Nb4 18. Nxb4 Bxb4 19. Qb3 Bf8 20. f4 Rd6 21. g5 Rb6 22. Qd3 Ba3 23. b3 Rd8 24. Be4 Bb4 25. c4 Bc3 26. Qc2 Bxd4 27. Bd5 Qc5 28. Qd3 Be3 29. Bxf7+ Kxf7 30. Qxd8 Qf5+ 31. Qd3 Qxd3+ 32. Rxd3 Bxf4 33. gxf6 gxf6 34. Rd7+ Ke6 35. Rxh7 a5 1-0

[Event "BCF-chT2 1011 (4NCL)"]
[Site "England"]
[Date "2011.03.26"]
[Round "7.34"]
[White "Farrand, Julian"]
[Black "Lewyk, Ihor"]
[Result "1-0"]
[WhiteElo "2086"]
[BlackElo "2108"]
[PlyCount "59"]
[EventDate "2010.11.06"]
[EventType "team-swiss"]
[EventRounds "11"]
[EventCountry "ENG"]
[SourceTitle "EXT 2012"]
[Source "ChessBase"]
[SourceDate "2011.11.24"]
[SourceVersion "1"]
[SourceVersionDate "2011.11.24"]
[SourceQuality "1"]
[WhiteTeam "Barbican Youth"]
[BlackTeam "White Rose II"]
[WhiteTeamCountry "ENG"]
[BlackTeamCountry "ENG"]

1. d4 c5 2. d5 Nf6 3. Nc3 g6 4. e4 d6 5. Bb5+ Bd7 6. a4 Bg7 7. Nf3 a6 8. Bxd7+ Nbxd7 9. a5 0-0 10. 0-0 Ng4 11. h3 Nge5 12. Nxe5 Nxe5 13. Qe2 b5 14. axb6 Qxb6 15. Ra4 Rfb8 16. f4 Nd7 17. Qf3 Qc7 18. Ra2 Rb4 19. Bd2 Qb8 20. Nd1 Rb5 21. Bc3 Bxc3 22. Qxc3 Nf6 23. Qf3 Rb4 24. e5 dxe5 25. fxe5 Qxe5 26. d6 Qe4 27. dxe7 Qxf3 28. Rxf3 Ne8 29. Rd3 Re4 30. Rd8 1-0

[Event "Plzen op 2nd"]
[Site "Plzen"]
[Date "2010.12.08"]
[Round "6"]
[White "Palek, Miroslav"]
[Black "Farrand, Julian"]
[Result "1/2-1/2"]
[WhiteElo "2261"]
[BlackElo "2098"]
[PlyCount "44"]
[EventDate "2010.12.04"]
[EventType "swiss"]
[EventRounds "9"]
[EventCountry "CZE"]
[SourceTitle "CBM 139 Extra"]
[Source "ChessBase"]
[SourceDate "2011.01.05"]
[SourceVersion "1"]
[SourceVersionDate "2011.01.05"]
[SourceQuality "1"]

1. e4 d6 2. d4 Nf6 3. Nc3 Nbd7 4. g3 e5 5. Bg2 c6 6. a4 b6 7. Nge2 Be7 8. h3 h5 9. Be3 Bb7 10. Qd2 a6 11. 0-0 Qc7 12. f4 b5 13. fxe5 dxe5 14. d5 b4 15. dxc6 Qxc6 16. Nd5 Bc5 17. Bxc5 Qxc5+ 18. Kh2 Bxd5 19. exd5 Ng4+ 20. Kh1 Nf2+ 21. Kh2 Ng4+ 22. Kh1 Nf2+ 1/2-1/2

[Event "BCF-chT2a 0910 (4NCL)"]
[Site "England"]
[Date "2010.02.21"]
[Round "6.7"]
[White "Farrand, Julian"]
[Black "Clark, Ian C"]
[Result "1/2-1/2"]
[WhiteElo "2112"]
[BlackElo "2072"]
[PlyCount "81"]
[EventDate "2009.10.24"]
[EventType "team-tourn"]
[EventRounds "7"]
[EventCountry "ENG"]
[SourceTitle "EXT 2010"]
[Source "ChessBase"]
[SourceDate "2010.11.25"]
[SourceVersion "1"]
[SourceVersionDate "2010.11.25"]
[SourceQuality "1"]
[WhiteTeam "Barbican Youth"]
[BlackTeam "Wessex"]
[WhiteTeamCountry "ENG"]
[BlackTeamCountry "ENG"]

1. d4 Nf6 2. Nc3 d5 3. Bg5 e6 4. e4 dxe4 5. Nxe4 Be7 6. Bxf6 Bxf6 7. Nf3 Nd7 8. Qd2 0-0 9. 0-0-0 c6 10. Bd3 a5 11. Nxf6+ Qxf6 12. Ng5 g6 13. Qe3 e5 14. Ne4 Qg7 15. Be2 exd4 16. Qxd4 Qxd4 17. Rxd4 Kg7 18. Rhd1 Nf6 19. Nd6 Rb8 20. Bf3 Be6 21. Ra4 Bd5 22. Bxd5 Nxd5 23. Rxa5 Rfd8 24. Nxb7 Rxb7 25. c4 Rc7 26. Rc5 Ra8 27. cxd5 Rxa2 28. dxc6 Ra6 29. Rd6 Kf8 30. b4 Ke7 31. Rd7+ Rxd7 32. cxd7 Kxd7 33. Kb2 Kd6 34. Kb3 Ra1 35. Rc2 Rb1+ 36. Rb2 Rh1 37. Rc2 Rxh2 38. b5 Rxg2 39. b6 Rg5 40. Kb4 Rg1 41. Kb5 1/2-1/2

[Event "Benidorm op U2300 08th"]
[Site "Benidorm"]
[Date "2009.11.29"]
[Round "2"]
[White "Van Hoolandt, Patrick"]
[Black "Farrand, Julian"]
[Result "1-0"]
[WhiteElo "2233"]
[BlackElo "2103"]
[PlyCount "75"]
[EventDate "2009.11.28"]
[EventType "swiss"]
[EventRounds "10"]
[EventCountry "ESP"]
[SourceTitle "CBM 133 Extra"]
[Source "ChessBase"]
[SourceDate "2010.01.05"]
[SourceVersion "1"]
[SourceVersionDate "2010.01.05"]
[SourceQuality "1"]

1. d4 d6 2. Nf3 Nf6 3. c4 Nbd7 4. Nc3 e5 5. e4 c6 6. Be2 Be7 7. 0-0 0-0 8. Rb1 a5 9. b3 Re8 10. Re1 Qc7 11. Bf1 Bf8 12. Bd2 g6 13. d5 Nc5 14. a3 Bg4 15. b4 axb4 16. axb4 Ncd7 17. h3 Bxf3 18. Qxf3 Nh5 19. Rbc1 Qd8 20. Ra1 c5 21. Nb5 Qb6 22. Be3 Ra6 23. Qd1 Rea8 24. g3 Nhf6 25. Bd3 Ne8 26. Rb1 Qd8 27. bxc5 Nxc5 28. Bxc5 dxc5 29. Rb2 Ra2 30. Rxa2 Rxa2 31. Qb3 Qa5 32. Qc3 Qxc3 33. Nxc3 b6 34. Rb1 Bd6 35. Nb5 Rd2 36. Bf1 Kg7 37. Nxd6 Nxd6 38. Rxb6 1-0

[Event "BCF-chT2a 0910 (4NCL)"]
[Site "England"]
[Date "2009.10.25"]
[Round "2.7"]
[White "Farrand, Julian"]
[Black "Varnam, Liam"]
[Result "1/2-1/2"]
[WhiteElo "2103"]
[BlackElo "2174"]
[PlyCount "63"]
[EventDate "2009.10.24"]
[EventType "team-tourn"]
[EventRounds "7"]
[EventCountry "ENG"]
[SourceTitle "EXT 2010"]
[Source "ChessBase"]
[SourceDate "2010.11.25"]
[SourceVersion "1"]
[SourceVersionDate "2010.11.25"]
[SourceQuality "1"]
[WhiteTeam "Barbican Youth"]
[BlackTeam "Sambuca Sharks"]
[WhiteTeamCountry "ENG"]
[BlackTeamCountry "ENG"]

1. d4 d5 2. Nc3 c5 3. dxc5 d4 4. Ne4 f5 5. Ng3 e5 6. e4 Bxc5 7. exf5 Nf6 8. Bc4 Qc7 9. Qd3 Nc6 10. a3 Bd7 11. Nf3 h6 12. 0-0 0-0-0 13. b4 Bd6 14. Nh4 e4 15. Nxe4 Bxh2+ 16. Kh1 Ne5 17. Qh3 Nxe4 18. Bd3 Nxd3 19. cxd3 Be5 20. dxe4 Bb5 21. Bd2 Bxf1 22. Rxf1 Kb8 23. Rc1 Qd6 24. Ng6 Rc8 25. Nxh8 Rxc1+ 26. Bxc1 Qc6 27. Bd2 Qc2 28. f4 Bc7 29. Be1 Qxe4 30. Qh4 d3 31. Qf2 Qxf4 32. Qxf4 1/2-1/2